00294nam a2200109Ia 4500008004100000041000800041082001800049100001800067245002600085260006500111300000800176231228s1996 xx 000 0 und d aeng a658.1511bLAL aLAL (Jawahar) aManagerial Accounting aNew DelhibHimalaya Publishing House Mumbai, New Delhic1996 a870